food proverbs - Statistics

General Stats
  • This quiz has been taken 75 times
  • The average score is 12 of 15
Answer Stats
% Correct
don't cry over spilled ___ milk
100%
take it with a pinch of ___ salt
100%
not my cup of ___ tea
98%
don't put all your ___ in one basket eggs
95%
there's bigger ___ to fry fish
93%
like two ___ in a pod peas
93%
the ___ of my eye apple
92%
you can't have your ___ and eat it cake
92%
when life gives you ___ lemons
85%
too many cooks spoil the ___ broth
75%
variety is the ___ of life spice
72%
have a ___ in the oven bun
70%
___fingers butter
68%
like chalk and ___ cheese
53%
knuckle___ sandwich
52%
No matching quizzes found
Score Distribution
Percent of People with Each Score
Percentile by Number Answered
Your Score History
You have not taken this quiz